000 00315nam a2200109Ia 4500
008 200626s9999 xx 000 0 und d
020 _a0-9623729-3-5
100 _aByrn, Anne
245 _cAnne Byrn.--
_aThe best of art culinaire:
_bIssues 1-14:/
260 _aNew Jersey:
_bCulinaire Inc.
_c1999
300 _a337 pages
999 _c363898
_d363898